| 000 | 00436nam a2200181Ia 4500 | ||
|---|---|---|---|
| 001 | 2026 | ||
| 005 | 20260306143812.0 | ||
| 008 | 260306t2021||||xx |||||||||||||| ||spa|| | ||
| 041 | _aESP | ||
| 082 |
_a611 _bP28 |
||
| 100 |
_aPatton, Kevin T., _eAUT |
||
| 245 | 0 | _aEstructura y función del cuerpo humano | |
| 260 | _c2021 | ||
| 300 |
_aVarias paginaciones : _c28 cm. |
||
| 650 | _aGEN | ||
| 654 | _aCCS | ||
| 942 |
_cLIB _dJUS _fJUS _2ddc _n |
||
| 999 |
_c2026 _d2026 |
||